000 00867nam a2200217 a 4500
001 18983
003 CO-ViMGA
008 141112s2004 ck r 000 u spa d
020 _a8426703496
040 _aCO-ViMGA
_bspa
_cCO-ViMGA
082 0 4 _a621.56 R164i
100 1 _aRapin, P.J.
_927162
245 1 0 _aInstalaciones frigoríficas
260 _aBarcelona :
_bMarcombo; 1978
300 _a2 vol.
505 _aTomo 1 : Magnitudes físicas liquidos y gases termometría Calorimetría Termodinámica Fluidos frigorigenos Bombas y ventiladores Tomo 2 : Tecnología Lubrificantes compresores Condensadores Evaporadores Intercambiadores de placas Centrales frigorificas
590 _aForma de adquisición : Proyecto 2005 - - Precio :
_38.250 Ej. 1; ej.2
_ 40.230
650 1 4 _aFRIGORIFICOS
_950451
650 1 4 _aREFRIGERACION - MAQUINARIA
_927163
942 _2ddc
_cBK
999 _c28173
_d28173